JRの本線(路線名) - Statistics

General Stats
  • This quiz has been taken 3,020 times
  • The average score is 20 of 27
Answer Stats
Answer % Correct
東海道本線
96%
東北本線
94%
山陽本線
92%
山陰本線
91%
函館本線
90%
中央本線
90%
北陸本線
86%
鹿児島本線
86%
宗谷本線
82%
根室本線
80%
奥羽本線
79%
長崎本線
77%
信越本線
75%
羽越本線
73%
関西本線
73%
日豊本線
70%
室蘭本線
69%
紀勢本線
68%
釧網本線
67%
留萌本線
66%
総武本線
65%
高山本線
65%
日高本線
63%
石北本線
61%
久大本線
59%
豊肥本線
50%
筑豊本線
42%
No matching quizzes found
Score Distribution
Percent of People with Each Score
Percentile by Number Answered
Your Score History
You have not taken this quiz